Football par lettre - A - Statistiques

Statistiques générales
  • Ce quiz a été pris 407 fois
  • Le résultat moyen est 14 sur 20
Statistiques - réponses
Hint Réponse % Correct
Club basé à Londres arborant un canon sur son blason Arsenal
99%
Président iconique de l'OL Jean-Michel Aulas
96%
Nation pour laquelle ont joué Ghezzal, Mahrez et Slimani Algerie
94%
Il fait la loi sur le terrain Arbitre
91%
Assureur qui sponsorise les stades de Nice et de Munich Allianz
88%
Gardien de but brésilien passé par la Roma et Liverpool Alisson
87%
Pays ayant organisé la Coupe du Monde 2006 Allemagne
87%
Guy Roux en est l'entraineur emblematique AJ Auxerre
86%
Il a offert le titre à Manchester City à la dernière seconde en 2012 Sergio Agüero
85%
Ville où se trouve le stade Raymond Kopa Angers
80%
Club qui a mis fin à l'invincibilité de Leverkusen en 2024 Atalanta
74%
Basée à Birmingham, cette équipe a été championne d'Europe en 1972 Aston Villa
73%
Equipe ne recrutant que des joueurs de sa region Athletic Club
70%
Club qui a remporté la Ligue Europa en 2018 Atletico Madrid
67%
Joueur russe passé par le club cité au dessus Andreï Archavine
60%
Geste technique popularisé par Neymar Jr Arc-en-ciel
58%
Coach corse ayant entrainé entre autres Lille, Bastia et Rennes Frédéric Antonetti
53%
Surnom de Carlos Tevez Apache
32%
Stade où Antoine Griezmann a joué son premier match en pro Anoeta
20%
Stade qui a vu Pelé remporter sa 3ème Coupe du Monde Stade Azteca
11%
Aucun quiz correspondant
Distribution des résultats
% des personnes avec chaque résultat
Percentile par nombre de réponses
Votre historique - résultats
Vous n’avez pas pris ce quiz